Reprezentacje na Mistrzostwach Świata 1994 - Statystyki

Ogólne statystyki
  • Ten quiz został rozwiązany 271 razy
  • Średni wynik to 16 z 24
Statystyki odpowiedzi
Grupa A % Poprawnych
Brazylia
94%
Niemcy
92%
Stany Zjednoczone
91%
Argentyna
90%
Hiszpania
87%
Włochy
87%
Meksyk
81%
Kolumbia
78%
Rosja
78%
Szwecja
74%
Holandia
72%
Belgia
65%
Kamerun
65%
Korea Południowa
63%
Norwegia
55%
Bułgaria
52%
Maroko
52%
Rumunia
52%
Szwajcaria
52%
Grecja
51%
Nigeria
50%
Irlandia
46%
Arabia Saudyjska
40%
Boliwia
30%
Nie znaleziono quizów pasujących do podanych kryteriów
Rozkład punktacji
Procent ludzi z każdym wynikiem
Percentyl według liczby udzielonych odpowiedzi
Twoja historia wyników
Nie rozwiązałeś tego quizu